| 000 | 00731cam a2200229u 4500 | ||
|---|---|---|---|
| 001 | 2518 | ||
| 005 | 20231213150607.0 | ||
| 020 | _a9780517572658 | ||
| 040 |
_aDLC _cCarP _dDLC _beng |
||
| 050 | 1 | 0 | _aPZ7.W64816 |
| 082 | _a813.54 | ||
| 100 | _aWilhelm , Hans | ||
| 245 | 0 | 0 | _aI'll always love you |
| 260 |
_aNew York _bCrown Publishers, Inc _c1985 |
||
| 300 |
_a29 unnumbered pages : _bcolor illustrations ; _c19 cm |
||
| 505 | _aM | ||
| 520 | _aA child's sadness at the death of a beloved dog is tempered by the remembrance of saying to it every nignt, "I'll always love you." | ||
| 521 |
_a540 AD
_bLexile |
||
| 521 |
_aM
_bRaz-Plus |
||
| 906 |
_a0 _bcbc _cpremunv _du _encip _f19 _gy-gencatlg |
||
| 942 |
_2ddc _cBK _n0 |
||
| 999 |
_c2518 _d2518 |
||